Welk Europees land? - Meerkeuze - Statistieken

Algemene statistieken
  • Deze quiz is 1.136 keer genomen
    355 sinds de laatste reset
  • De gemiddelde score is 8 van 15
Antwoordstatistieken
Vraag Antwoord % Correct
In welk land kan je Manneke Pis en het Atomium bewonderen? België
89%
De hoofdstad van welk land begint NIET met een B? Denemarken
84%
In welk land werd het Parthenon gebouwd rond 600 voor Christus? Griekenland
79%
Welk van volgende landen heeft slechts 1 buurland? Denemarken
75%
Welk land heeft het WK voetbal voor mannen nog niet gewonnen? Portugal
65%
Welk land is een buurland van Oekraïne? Hongarije
61%
Waar ligt de stad Sochi? Rusland
61%
Welk land werd naar een hoofdrichting vernoemd? Oostenrijk
59%
Welk land is wel lid van de EU? Roemenië
54%
Welke staat ligt op de Mid-Atlantische Rug? IJsland
52%
Welk van deze landen is qua oppervlakte het grootst? Frankrijk
44%
Welk land maakte vroeger deel uit van Joegoslavië? Kroatië
43%
Welk land werd niet veroverd tijdens WOII? Spanje
38%
Welk land behoorde tot de Centrale Mogendheden in WOI? Bulgarije
21%
Welk land heeft de Olympische Zomerspelen al georganiseerd? Finland
16%
Geen overeenkomende quizzen gevonden
Scoreverdeling
Procent van Mensen met Elke Score
Percentiel versus Aantal Correcte Antwoorden
Uw Scoregeschiedenis
U heeft deze quiz nog niet genomen sinds de laatste reset